000 00720nam a2200241Ia 4500
003 OSt
005 20220925183051.0
006 a|||||r|||| 00| 0
007 ta
008 220923b |||||||| |||| 00| 0 eng d
037 _cGeneral Book
040 _aRTL
_cRTL
_beng
041 _2eng
_aeng
082 _aX.42.N6, K6
100 _aAllen G C
_9108166
245 0 _aJapan ka sankshipt arthik ithihas
260 _aDelhi
_bCapital Book House
_c1966
300 _a454p
_ccm.
490 _aShort economic history of modern Japan, 1867-1960 Tr. by Narain Prasad Pandey
650 _aEconomics Conditions Japan
_9235427
942 _hX.42.N6, K6
_cGB
_2CC
999 _c503854
_d503854